<?xml version="1.0" encoding="UTF-8"?><marc:collection xmlns:marc="http://www.loc.gov/MARC21/slim">
  <marc:record>
    <marc:leader>00000nam  2200000za 4500</marc:leader>
    <marc:controlfield tag="001">9.837665</marc:controlfield>
    <marc:controlfield tag="003">CaOODSP</marc:controlfield>
    <marc:controlfield tag="005">20221107151207</marc:controlfield>
    <marc:controlfield tag="007">cr |||||||||||</marc:controlfield>
    <marc:controlfield tag="008">170605s1989    onc    |o    f|0| 0 fre d</marc:controlfield>
    <marc:datafield tag="040" ind1=" " ind2=" ">
      <marc:subfield code="a">CaOODSP</marc:subfield>
      <marc:subfield code="b">fre</marc:subfield>
    </marc:datafield>
    <marc:datafield tag="041" ind1=" " ind2=" ">
      <marc:subfield code="a">fre</marc:subfield>
      <marc:subfield code="b">eng</marc:subfield>
    </marc:datafield>
    <marc:datafield tag="043" ind1=" " ind2=" ">
      <marc:subfield code="a">n-cn---</marc:subfield>
    </marc:datafield>
    <marc:datafield tag="086" ind1="1" ind2=" ">
      <marc:subfield code="a">CS11-614/89-9F-PDF</marc:subfield>
    </marc:datafield>
    <marc:datafield tag="100" ind1="1" ind2=" ">
      <marc:subfield code="a">Cholette, Pierre-A. (Pierre-Arthur), </marc:subfield>
      <marc:subfield code="d">1948-</marc:subfield>
    </marc:datafield>
    <marc:datafield tag="245" ind1="1" ind2="2">
      <marc:subfield code="a">L'annualisation des chiffres d'exercises financiers </marc:subfield>
      <marc:subfield code="h">[ressource électronique] / </marc:subfield>
      <marc:subfield code="c">par Pierre A. Cholette.</marc:subfield>
    </marc:datafield>
    <marc:datafield tag="260" ind1=" " ind2=" ">
      <marc:subfield code="a">Ottawa : </marc:subfield>
      <marc:subfield code="b">Statistique Canada, </marc:subfield>
      <marc:subfield code="c">1989.</marc:subfield>
    </marc:datafield>
    <marc:datafield tag="300" ind1=" " ind2=" ">
      <marc:subfield code="a">10 p. : </marc:subfield>
      <marc:subfield code="b">figures.</marc:subfield>
    </marc:datafield>
    <marc:datafield tag="490" ind1="1" ind2=" ">
      <marc:subfield code="a">Cahier de travail (Statistique Canada. Direction de la méthodologie) ; </marc:subfield>
      <marc:subfield code="v">89-9</marc:subfield>
    </marc:datafield>
    <marc:datafield tag="500" ind1=" " ind2=" ">
      <marc:subfield code="a">Édition numérisée de l'imprimé [par Statistique Canada].</marc:subfield>
    </marc:datafield>
    <marc:datafield tag="500" ind1=" " ind2=" ">
      <marc:subfield code="a">« Document de recherche no. TSRA-89-009F. »</marc:subfield>
    </marc:datafield>
    <marc:datafield tag="500" ind1=" " ind2=" ">
      <marc:subfield code="a">« Juin 1989. »</marc:subfield>
    </marc:datafield>
    <marc:datafield tag="504" ind1=" " ind2=" ">
      <marc:subfield code="a">Comprend des références bibliographiques.</marc:subfield>
    </marc:datafield>
    <marc:datafield tag="520" ind1="3" ind2=" ">
      <marc:subfield code="a">« Une façon répandue de transformer des chiffres d'exercices financiers en estimations d'année civile consiste à poser l'estimation civile égale à une fraction (ex. 1/4) d'un chiffre financier plus une fraction complémentaire (3/4) du chiffre financier suivant. Si par exemple l'année financiére se termine en mars, l'estimation de 1987 (disons) est égale 1/4 du chiffre de 1986-87 plus 3/4 du chiffre de 1987-88. Selon le présent article, ce procédé est acceptable seulement si les chiffres financiers sont en hausse ininterrompue. En effet, en cas de changement de direction - et même de plafonnement - des chiffres financiers, le procédé implique un comportement invraisemblable de Ia composante conjoncturelle sous-jacente. Ceci complique l'analyse conjoncturelle, la prise de decision, et la gestion macro-économique. L'article compare le procédé à une méthode récemment mise au point par Cholette et Baldwin (1989). Cette dernière est essentiellement une adaptation des méthodes utilisées pour l'étalonnage, c'est-à-dire pour l'ajustement de series infra-annuelles à des jalons annuels (Denton, 1971; Bournay et Laroque, 1979); de même qu'une adaptation des méthodes utilisées pour l'interpolation entre valeurs annuelles (Boot, Feibes et Lisman, 1967) »--Résumé.</marc:subfield>
    </marc:datafield>
    <marc:datafield tag="546" ind1=" " ind2=" ">
      <marc:subfield code="a">Résumé en anglais.</marc:subfield>
    </marc:datafield>
    <marc:datafield tag="692" ind1="0" ind2="7">
      <marc:subfield code="2">gccst</marc:subfield>
      <marc:subfield code="a">Méthodologie</marc:subfield>
    </marc:datafield>
    <marc:datafield tag="692" ind1="0" ind2="7">
      <marc:subfield code="2">gccst</marc:subfield>
      <marc:subfield code="a">Analyse financière</marc:subfield>
    </marc:datafield>
    <marc:datafield tag="710" ind1="1" ind2=" ">
      <marc:subfield code="a">Canada. </marc:subfield>
      <marc:subfield code="b">Statistique Canada. </marc:subfield>
      <marc:subfield code="b">Direction de la méthodologie.</marc:subfield>
    </marc:datafield>
    <marc:datafield tag="830" ind1="#" ind2="0">
      <marc:subfield code="a">Cahier de travail (Statistique Canada. Direction de la méthodologie)</marc:subfield>
      <marc:subfield code="v">89-9</marc:subfield>
      <marc:subfield code="w">(CaOODSP)9.834767</marc:subfield>
    </marc:datafield>
    <marc:datafield tag="856" ind1="4" ind2="0">
      <marc:subfield code="q">PDF</marc:subfield>
      <marc:subfield code="s">1.20 Mo</marc:subfield>
      <marc:subfield code="u">https://publications.gc.ca/collections/collection_2017/statcan/11-613/CS11-614-89-9-fra.pdf</marc:subfield>
    </marc:datafield>
    <marc:datafield tag="986" ind1=" " ind2=" ">
      <marc:subfield code="a">11-614F</marc:subfield>
    </marc:datafield>
  </marc:record>
</marc:collection>
